Sorprendida
Novela que narra desde el punto de vista de Sarah Monday, una mujer que pronto será llevada a juicio al ser acusada por robar al Sr. W. desde allí, ella nos relata sus vivencias: su matrimonio y como quedó viuda, como se vio (entre comillas) caída y su obsesión futura con el placer con dos hombres (...
Guardado en:
| Autor principal: | |
|---|---|
| Formato: | Libro |
| Lenguaje: | Undetermined |
| Publicado: |
Buenos Aires, Argentina
Emecé
1953
|
| Materias: | |
| Etiquetas: |
Agregar Etiqueta
Sin Etiquetas, Sea el primero en etiquetar este registro!
|
MARC
| LEADER | 00000nam a2200000Ia 4500 | ||
|---|---|---|---|
| 008 | 170316s9999 xx 000 0 und d | ||
| 040 | |a cru BVZT | ||
| 090 | |a 820 C-4s | ||
| 100 | |a Cary, Joyce | ||
| 245 | |a Sorprendida | ||
| 260 | |a Buenos Aires, Argentina | ||
| 260 | |b Emecé | ||
| 260 | |c 1953 | ||
| 300 | |a 286 páginas | ||
| 520 | |a Novela que narra desde el punto de vista de Sarah Monday, una mujer que pronto será llevada a juicio al ser acusada por robar al Sr. W. desde allí, ella nos relata sus vivencias: su matrimonio y como quedó viuda, como se vio (entre comillas) caída y su obsesión futura con el placer con dos hombres (aunque juega con la idea que es inocente y que trato de evitar caer en la lujuria). | ||
| 650 | |a LITERATURA INGLESA |9 12 | ||
| 650 | |a NOVELA |9 13 | ||
| 999 | |c 6797 |d 6797 | ||
| 942 | |c 15 D |h 820 C-4s |2 z | ||
